000 00456nam a2200145Ia 4500
008 240719s9999 xx 000 0 und d
041 _aeng
082 _a342.730 PUR
100 _aPurdum, Todd S
245 _aAn Idea Whose Time Has Come Two Presidents, Two Parties, And The Battle For The Civil Rights Act Of 1964
260 _aNew York
_bHenry Holt And Company
_c2014
300 _a398;. P. 23 Cm
365 _c
_b30
520 _aGifted By : IMT Faculty
999 _c41372
_d41372